| 000 | 00318nam a22001217a 4500 | ||
|---|---|---|---|
| 082 | _a338 W0R | ||
| 100 | _aWorld Commodity Outlook 1977/78 | ||
| 245 | _aWorld Commodity Outlook 1977/78 | ||
| 260 |
_aLondon _bSpencer House _c1977 |
||
| 300 |
_a99pg _bIll,;29cm |
||
| 650 | _aWorld Commodity Outlook 1977/78 | ||
| 942 | _cBK | ||
| 999 |
_c17683 _d17683 |
||